[Event "Manhem Chessweek Elo (2)"]
[Site "?"]
[Date "2015.08.14"]
[Round "9"]
[White "Hoetmer, Michel"]
[Black "Kakulidis, Ellen"]
[Result "1/2-1/2"]
[WhiteElo "1569"]
[BlackElo "1770"]
[PlyCount "56"]

1. d4 Nf6 2. c4 c5 3. Nf3 cxd4 4. Nxd4 e6 5. g3 Nc6 6. Bg2 Qb6 7. Nc2 Be7 8.
Nc3 a6 9. O-O O-O 10. b3 d6 11. e4 Rd8 12. Be3 Qc7 13. Qe2 Rb8 14. Rac1 Bf8 15.
Rfd1 Bd7 16. Nd4 Ne5 17. h3 Bc6 18. f4 Ned7 19. Nd5 Qc8 20. Bf2 Nc5 21. Nxf6+
gxf6 22. Nxc6 bxc6 23. Rd2 Qc7 24. Rcd1 Nd7 25. Qf3 Kh8 26. Rd3 Qa5 27. R3d2
Qc7 28. e5 d5 1/2-1/2

[Event "Manhem Chessweek Elo (2)"]
[Site "?"]
[Date "2015.08.14"]
[Round "9"]
[White "Sundsbo, Sigve"]
[Black "Lappas, Georg"]
[Result "1/2-1/2"]
[WhiteElo "1754"]
[BlackElo "1767"]
[PlyCount "53"]

1. d4 e6 2. c4 f5 3. g3 Nf6 4. Bg2 Be7 5. Nf3 O-O 6. O-O d6 7. Nc3 Ne4 8. Qc2
Nxc3 9. Qxc3 Bf6 10. Re1 Nc6 11. e3 e5 12. b3 e4 13. Nd2 Ne5 14. Qc2 Nd3 15.
Rd1 c5 16. Bb2 Nxb2 17. Qxb2 Qe8 18. Nb1 f4 19. gxf4 Bg4 20. Re1 Qg6 21. Kh1
Rae8 22. Nd2 Qh5 23. Nxe4 Rxe4 24. Bxe4 Bf3+ 25. Bxf3 Qxf3+ 26. Kg1 Qg4+ 27.
Kh1 1/2-1/2

[Event "Manhem Chessweek Elo (2)"]
[Site "?"]
[Date "2015.08.14"]
[Round "9"]
[White "Svensson, Anders 1980"]
[Black "Freed, Markus"]
[Result "0-1"]
[WhiteElo "1762"]
[BlackElo "1749"]
[PlyCount "80"]

1. e4 e5 2. Nf3 Nc6 3. Bb5 Nf6 4. d3 Bc5 5. c3 O-O 6. O-O d6 7. Nbd2 Ne7 8. d4
exd4 9. cxd4 Bb6 10. h3 Ng6 11. Re1 a6 12. Ba4 Be6 13. Nf1 Nh5 14. Bc2 Nhf4 15.
Kh2 Qd7 16. Ng5 Bc4 17. Ne3 Qb5 18. Nxc4 Qxc4 19. Be3 d5 20. g3 Ne6 21. Bb3 Qb5
22. Bxd5 Nxg5 23. Bxg5 c6 24. a4 Qxb2 25. Re2 Qxd4 26. Rd2 Qe5 27. f4 Qc3 28.
Ba2 h6 29. f5 Ne5 30. Be7 Nf3+ 31. Kh1 Qxd2 32. Qxf3 Qb2 33. Qf1 Bd4 34. Bxf8
Qxa1 35. Qxa1 Bxa1 36. Bd6 Rd8 37. Bf4 Rd1+ 38. Kg2 Re1 39. Kf3 Bd4 40. h4 Ra1
0-1

[Event "Manhem Chessweek Elo (2)"]
[Site "?"]
[Date "2015.08.13"]
[Round "8"]
[White "Freed, Markus"]
[Black "Sundsbo, Sigve"]
[Result "1/2-1/2"]
[WhiteElo "1749"]
[BlackElo "1754"]
[PlyCount "75"]

1. b3 d5 2. Bb2 Bg4 3. f3 Bh5 4. Nh3 Nf6 5. Nf4 Bg6 6. e4 c6 7. e5 Nfd7 8. e6
Nf6 9. Nxg6 hxg6 10. exf7+ Kxf7 11. c4 e6 12. Nc3 Bd6 13. d4 Bg3+ 14. Kd2 Rxh2
15. Bd3 Qh8 16. cxd5 exd5 17. Ne2 Rxh1 18. Qxh1 Qxh1 19. Rxh1 Bd6 20. Rh8 a5
21. a4 b6 22. Kc2 Ra7 23. Rc8 Nfd7 24. Bc1 Rc7 25. Rxc7 Bxc7 26. Nf4 Nf8 27.
Nh3 Ne6 28. Ng5+ Nxg5 29. Bxg5 Nd7 30. Ba6 Nf8 31. Bb7 Ne6 32. Be3 Nd8 33. Bc8
Ke7 34. Bg5+ Kf7 35. Bd7 Ne6 36. Be3 Nd8 37. Bc8 Ne6 38. Bd7 1/2-1/2

[Event "Manhem Chessweek Elo (2)"]
[Site "?"]
[Date "2015.08.13"]
[Round "8"]
[White "Kakulidis, Ellen"]
[Black "Svensson, Anders"]
[Result "1-0"]
[WhiteElo "1770"]
[BlackElo "1762"]
[PlyCount "57"]

1. d4 d5 2. Nf3 Nc6 3. c4 Bg4 4. e3 e5 5. Be2 Bb4+ 6. Bd2 Bxd2+ 7. Nbxd2 Bxf3
8. Nxf3 exd4 9. exd4 Nf6 10. c5 O-O 11. O-O Ne4 12. a3 Ne7 13. Qc2 c6 14. Bd3
f5 15. b4 Ng6 16. g3 Qe7 17. Rfe1 Rae8 18. Qb3 Kh8 19. Qc2 f4 20. Nd2 fxg3 21.
fxg3 Qf6 22. Nxe4 dxe4 23. Bxe4 Qxd4+ 24. Kh1 Rxe4 25. Qxe4 Rf1+ 26. Kg2 Rf2+
27. Kh3 Qd7+ 28. Qe6 Qxe6+ 29. Rxe6 1-0

[Event "Manhem Chessweek Elo (2)"]
[Site "?"]
[Date "2015.08.13"]
[Round "8"]
[White "Lappas, Georg"]
[Black "Wiklund, Robert"]
[Result "0-1"]
[WhiteElo "1767"]
[BlackElo "1846"]
[PlyCount "50"]

1. Nf3 Nf6 2. g3 d5 3. Bg2 c5 4. O-O Nc6 5. d3 e5 6. e4 d4 7. Na3 Bd6 8. c3 h6
9. Nh4 Be6 10. Nf5 Bxf5 11. exf5 Qd7 12. Nb5 Be7 13. g4 a6 14. Na3 dxc3 15. Nc4
Rd8 16. Bxc6 Qxc6 17. Nxe5 Qd5 18. Qe2 O-O 19. bxc3 Bd6 20. f4 Rfe8 21. c4 Qd4+
22. Be3 Qc3 23. Rac1 Qa3 24. Kg2 Bxe5 25. fxe5 Rxe5 0-1

[Event "Manhem Chessweek Elo (2)"]
[Site "?"]
[Date "2015.08.12"]
[Round "7"]
[White "Wiklund, Robert"]
[Black "Freed, Markus"]
[Result "1-0"]
[WhiteElo "1846"]
[BlackElo "1749"]
[PlyCount "39"]

1. e4 c5 2. c3 d5 3. exd5 Qxd5 4. d4 Nc6 5. Nf3 Bg4 6. Be2 e6 7. Be3 cxd4 8.
cxd4 Bb4+ 9. Nc3 Nf6 10. O-O Bxc3 11. bxc3 O-O 12. h3 Bh5 13. c4 Qa5 14. Qb3 e5
15. d5 Nd4 16. Bxd4 exd4 17. Nxd4 Bxe2 18. Nxe2 Qd2 19. Ng3 b6 20. Rfd1 1-0

[Event "Manhem Chessweek Elo (2)"]
[Site "?"]
[Date "2015.08.12"]
[Round "7"]
[White "Sundsbo, Sigve"]
[Black "Svensson, Anders 1980"]
[Result "1/2-1/2"]
[WhiteElo "1754"]
[BlackElo "1762"]
[PlyCount "80"]

1. d4 Nf6 2. c4 g6 3. Nc3 d5 4. cxd5 Nxd5 5. e4 Nxc3 6. bxc3 Bg7 7. Bc4 c5 8.
Ne2 O-O 9. Be3 Nc6 10. O-O Bg4 11. f3 Na5 12. Bd3 cxd4 13. cxd4 Be6 14. Bf2 Bc4
15. Bxc4 Nxc4 16. Qd3 Nb6 17. Rfc1 Qd7 18. Rab1 Rfc8 19. Qb3 Rxc1+ 20. Rxc1 Rc8
21. Rxc8+ Nxc8 22. d5 Qc7 23. Be3 b6 24. h3 Nd6 25. Kf2 Be5 26. Bd2 Nc4 27. Bc3
Qc5+ 28. Ke1 Kf8 29. Bxe5 Nxe5 30. Qc3 Qxc3+ 31. Nxc3 a6 32. a4 Ke8 33. Ke2 Nd7
34. Ke3 Nc5 35. Kd4 Kd7 36. e5 Nb3+ 37. Kd3 Nc5+ 38. Kd4 Nb3+ 39. Kd3 Nc5+ 40.
Kd4 Nb3+ 1/2-1/2

[Event "Manhem Chessweek Elo (2)"]
[Site "?"]
[Date "2015.08.12"]
[Round "7"]
[White "Storme, Isak"]
[Black "Lappas, Georg"]
[Result "0-1"]
[WhiteElo "1847"]
[BlackElo "1767"]
[PlyCount "98"]

1. e4 g6 2. d4 d6 3. Nc3 Bg7 4. Be3 a6 5. Qd2 Nd7 6. Nge2 b5 7. g3 Bb7 8. Bg2
Nb6 9. O-O Nc4 10. Qc1 Nxe3 11. Qxe3 h5 12. e5 Bxg2 13. Kxg2 h4 14. Nf4 e6 15.
exd6 Qxd6 16. Rad1 Ne7 17. Ne4 Qb6 18. Nc5 O-O-O 19. c3 Nd5 20. Qe4 Nxf4+ 21.
Qxf4 h3+ 22. Kg1 Qc6 23. f3 f5 24. Qe3 Rhe8 25. Nd3 Qb6 26. a4 Rxd4 27. Nc5
Rxd1 28. Rxd1 Bf8 29. b4 bxa4 30. Qd4 Qd6 31. Nxa6 Qxa6 32. Qd7+ Kb7 33. b5
Qb6+ 34. Kh1 Ra8 35. c4 a3 36. c5 Bxc5 37. g4 a2 38. Ra1 Bd4 39. gxf5 exf5 40.
f4 Qd6 41. Qc6+ Qxc6+ 42. bxc6+ Kc8 43. Rxa2 Rb8 44. Ra8 Ba7 45. Rxb8+ Bxb8 46.
Kg1 Ba7+ 47. Kh1 Bb8 48. Kg1 Kd8 49. Kh1 Ke7 0-1

[Event "Manhem Chessweek Elo (2)"]
[Site "?"]
[Date "2015.08.12"]
[Round "6"]
[White "Freed, Markus"]
[Black "Storme, Isak"]
[Result "0-1"]
[WhiteElo "1749"]
[BlackElo "1847"]
[PlyCount "90"]

1. b3 Nf6 2. Bb2 g6 3. Bxf6 exf6 4. c4 Bg7 5. Nc3 f5 6. g3 O-O 7. Bg2 c6 8. e3
d6 9. Nge2 Nd7 10. Rb1 Nf6 11. O-O Qc7 12. Nf4 a5 13. a3 Re8 14. b4 axb4 15.
axb4 Ne4 16. Nxe4 fxe4 17. Qb3 Bg4 18. h3 Bd7 19. Rfc1 g5 20. Ne2 Qc8 21. Kh2
Be5 22. b5 Re6 23. bxc6 Bxc6 24. d4 exd3 25. Bxc6 Qxc6 26. Nd4 Bxd4 27. exd4
Qf3 28. Rf1 Rae8 29. Rbd1 Re2 30. Kg1 R8e3 31. Qb5 h6 32. Qd5 Rxf2 33. Rxf2
Qxd1+ 34. Kg2 Qh5 35. Qxb7 Re2 36. Qa8+ Kg7 37. Qf3 Rxf2+ 38. Qxf2 Qd1 39. c5
Qc2 40. cxd6 d2 41. d7 Qc6+ 42. Qf3 Qxf3+ 43. Kxf3 d1=Q+ 44. Ke4 Qe2+ 45. Kd5
Qe6+ 0-1

[Event "Manhem Chessweek Elo (2)"]
[Site "?"]
[Date "2015.08.12"]
[Round "6"]
[White "Svensson, Anders 1980"]
[Black "Wiklund, Robert"]
[Result "0-1"]
[WhiteElo "1762"]
[BlackElo "1846"]
[PlyCount "112"]

1. e4 d5 2. exd5 Qxd5 3. Nc3 Qa5 4. d4 c6 5. Bc4 Nf6 6. Bd2 Bf5 7. Nd5 Qd8 8.
Nxf6+ gxf6 9. Qf3 Bxc2 10. Rc1 Bg6 11. Ne2 Nd7 12. O-O Nb6 13. Ba5 Qd6 14. Bxb6
axb6 15. d5 Rc8 16. dxc6 bxc6 17. Bb5 e5 18. Bxc6+ Ke7 19. Rfd1 Qb4 20. Qd5 Bh6
21. Qd7+ Kf8 22. Qxc8+ Kg7 23. Qh3 Bxc1 24. Nxc1 Qxb2 25. Qb3 Qxb3 26. axb3 Rc8
27. Bf3 Rc3 28. Bd5 Bc2 29. Re1 Rc5 30. Bc4 e4 31. h3 b5 32. Bf1 f5 33. Kh2 Kf6
34. Re2 Bd1 35. Re1 Rxc1 36. Be2 Bxe2 37. Rxc1 f4 38. Rc5 Kg6 39. h4 f5 40. h5+
Kxh5 41. Rxf5+ Kg4 42. Re5 Bd3 43. Re7 h5 44. Rg7+ Kf5 45. Kh3 Be2 46. Kh4 e3
47. fxe3 fxe3 48. Re7 Kf4 49. g3+ Kf3 50. Rf7+ Kg2 51. Re7 Kf2 52. Rf7+ Bf3 53.
b4 e2 54. Rf5 e1=Q 55. Rxf3+ Kxf3 56. Kh3 Qxg3# 0-1

[Event "Manhem Chessweek Elo (2)"]
[Site "?"]
[Date "2015.08.12"]
[Round "6"]
[White "Kakulidis, Ellen"]
[Black "Sundsbo, Sigve"]
[Result "1-0"]
[WhiteElo "1770"]
[BlackElo "1754"]
[PlyCount "65"]

1. d4 Nf6 2. c4 e6 3. Nf3 b6 4. g3 Bb7 5. Bg2 Be7 6. O-O O-O 7. d5 exd5 8. Nh4
d6 9. cxd5 Nbd7 10. Nc3 Re8 11. Re1 Nh5 12. Nf5 g6 13. Nxe7+ Rxe7 14. Bg5 f6
15. Bc1 Ng7 16. Qc2 a6 17. b3 Rf7 18. Bb2 Rc8 19. Rad1 Qf8 20. Bh3 Rd8 21. Be6
Qe7 22. Bxf7+ Kxf7 23. Nb1 Kg8 24. a4 Nf5 25. Na3 Nh6 26. b4 Nf7 27. Qb3 Nh6
28. Nc2 Nf5 29. Nd4 Nxd4 30. Bxd4 Kf7 31. Ba1 Ke8 32. Rd3 Ne5 33. Re3 1-0

[Event "Manhem Chessweek Elo (2)"]
[Site "?"]
[Date "2015.08.12"]
[Round "6"]
[White "Lappas, Georg"]
[Black "Hoetmer, Michel"]
[Result "0-1"]
[WhiteElo "1767"]
[BlackElo "1569"]
[PlyCount "51"]

1. e4 c5 2. Nf3 d6 3. d4 cxd4 4. Nxd4 Nf6 5. Nc3 a6 6. Be2 e5 7. Nb3 Be7 8. Be3
Be6 9. O-O O-O 10. f4 Qc7 11. Kh1 b5 12. a4 b4 13. Nd5 Bxd5 14. exd5 Nbd7 15.
a5 Rfc8 16. Rc1 Qb7 17. fxe5 Nxe5 18. Bg5 Nxd5 19. Bxe7 Ne3 20. Bf3 Qxe7 21.
Qe2 Nxf1 22. Bxa8 Ng3+ 23. hxg3 Rxa8 24. Qe4 Rb8 25. Qf5 Qe6 26. Nd4 0-1

[Event "Manhem Chessweek Elo (2)"]
[Site "?"]
[Date "2015.08.11"]
[Round "5"]
[White "Storme, Isak"]
[Black "Svensson, Anders 1980"]
[Result "1-0"]
[WhiteElo "1847"]
[BlackElo "1762"]
[PlyCount "109"]

1. e4 c5 2. Nf3 Nc6 3. d4 cxd4 4. Nxd4 g6 5. c4 Nf6 6. Nc3 d6 7. Be2 Nxd4 8.
Qxd4 Bg7 9. Bg5 O-O 10. Qd2 Be6 11. Rc1 Qa5 12. b3 Rfc8 13. O-O a6 14. f4 b5
15. f5 Bd7 16. e5 Ne8 17. Bxe7 Bxe5 18. f6 Be6 19. Qh6 Nxf6 20. Bxf6 Bxf6 21.
Rxf6 bxc4 22. Bxc4 Bxc4 23. bxc4 Rxc4 24. Rcf1 Rf8 25. Ne2 Qxa2 26. Nf4 Qd2 27.
Qh4 Qe3+ 28. Qf2 Qxf2+ 29. Kxf2 Kg7 30. Nd5 Rd8 31. Kg3 Rd7 32. Nb6 Rc3+ 33.
Kh4 Re7 34. Nd5 Rc4+ 35. g4 Ra7 36. Rxd6 h5 37. Nf6 hxg4 38. Rd8 g3+ 39. Kxg3
Rc3+ 40. Kg4 Rc4+ 41. Kg5 Rc5+ 42. Nd5 a5 43. h4 a4 44. h5 gxh5 45. Kxh5 f6 46.
Rg1+ Kf7 47. Kh6 Raa5 48. Nf4 Ke7 49. Rdd1 Rg5 50. Rge1+ Rge5 51. Ng6+ Ke6 52.
Nxe5 fxe5 53. Re3 a3 54. Ra1 a2 55. Re2 1-0

[Event "Manhem Chessweek Elo (2)"]
[Site "?"]
[Date "2015.08.11"]
[Round "5"]
[White "Wiklund, Robert"]
[Black "Sundsbo, Sigve"]
[Result "1-0"]
[WhiteElo "1846"]
[BlackElo "1754"]
[PlyCount "87"]

1. e4 e6 2. d4 d5 3. Nc3 Bb4 4. e5 c5 5. Bd2 Ne7 6. Nb5 Bxd2+ 7. Qxd2 O-O 8.
dxc5 Nd7 9. Qc3 a6 10. Nd6 Qc7 11. Nf3 Qxc5 12. Qxc5 Nxc5 13. Bd3 Nc6 14. a3 f6
15. exf6 Rxf6 16. b4 Nxd3+ 17. cxd3 e5 18. Nxc8 Rxc8 19. O-O Re6 20. Rfe1 Rce8
21. Kf1 h6 22. Re2 Kf7 23. Rd1 R8e7 24. d4 e4 25. Ne1 Ke8 26. Nc2 Rd7 27. Ne3
g6 28. Rc2 Ke7 29. Rc5 Red6 30. f3 exf3 31. gxf3 b6 32. Rc3 Nd8 33. Ng4 Nf7 34.
Re1+ Re6 35. f4 Rxe1+ 36. Kxe1 g5 37. Ne5 Rb7 38. Rc6 gxf4 39. Nxf7 Kxf7 40.
Rxh6 Re7+ 41. Kf2 Re6 42. Rxe6 Kxe6 43. Kf3 Kf5 44. a4 1-0

[Event "Manhem Chessweek Elo (2)"]
[Site "?"]
[Date "2015.08.11"]
[Round "5"]
[White "Hoetmer, Michel"]
[Black "Freed, Markus"]
[Result "0-1"]
[WhiteElo "1569"]
[BlackElo "1749"]
[PlyCount "60"]

1. d4 d5 2. c4 e6 3. g3 Nf6 4. Nf3 Bb4+ 5. Bd2 Be7 6. Bg2 O-O 7. Qc2 c6 8. O-O
b6 9. Bf4 Bb7 10. Nbd2 Nh5 11. Bxb8 Rxb8 12. Rfd1 Nf6 13. Ne5 c5 14. cxd5 Bxd5
15. e4 Ba8 16. dxc5 Qc7 17. Nd3 bxc5 18. Rac1 Qa5 19. Nb3 Qxa2 20. Ndxc5 Bxc5
21. Nxc5 Rxb2 22. Qc4 Rxf2 23. Qxa2 Rxa2 24. Nd7 Re8 25. Nxf6+ gxf6 26. Rc7 Rb8
27. Rdd7 Rb1+ 28. Bf1 Bxe4 29. Rxf7 Rg2+ 30. Kh1 Rxf1# 0-1

[Event "Manhem Chessweek Elo (2)"]
[Site "?"]
[Date "2015.08.10"]
[Round "4"]
[White "Sundsbo, Sigve"]
[Black "Storme, Isak"]
[Result "1-0"]
[WhiteElo "1754"]
[BlackElo "1847"]
[PlyCount "77"]

1. d4 Nf6 2. c4 g6 3. Nc3 d5 4. cxd5 Nxd5 5. Bd2 Bg7 6. e4 Nb6 7. Be3 Nc6 8. d5
Ne5 9. Nf3 Nxf3+ 10. Qxf3 O-O 11. Rd1 f5 12. Bxb6 axb6 13. Bc4 Qd6 14. Bb3 fxe4
15. Qxe4 Rf4 16. Qe3 Bf5 17. O-O Bxc3 18. Qxc3 Rf8 19. a3 Bd7 20. Rd2 R8f6 21.
Rc1 Kf8 22. Qxc7 Re4 23. Qxd6 Rxd6 24. f3 Re5 25. Kf2 e6 26. Rcd1 Ke7 27. dxe6
Rxd2+ 28. Rxd2 Bxe6 29. Bxe6 Kxe6 30. Re2 b5 31. Rxe5+ Kxe5 32. Ke3 Kd5 33. b3
Ke5 34. h3 g5 35. g3 h5 36. f4+ gxf4+ 37. gxf4+ Kf5 38. Kf3 h4 39. Ke3 1-0

[Event "Manhem Chessweek Elo (2)"]
[Site "?"]
[Date "2015.08.10"]
[Round "4"]
[White "Svensson, Anders 1980"]
[Black "Hoetmer, Michel"]
[Result "1/2-1/2"]
[WhiteElo "1762"]
[BlackElo "1569"]
[PlyCount "88"]

1. e4 c5 2. Nf3 d6 3. d4 cxd4 4. Nxd4 Nf6 5. Nc3 a6 6. Be2 e5 7. Nb3 Be7 8. Be3
Be6 9. O-O O-O 10. f4 exf4 11. Rxf4 Nbd7 12. Nd5 Rc8 13. Nxe7+ Qxe7 14. c3 d5
15. e5 Nxe5 16. Bd4 Ng6 17. Rf1 Ne4 18. Bd3 Qg5 19. Qf3 Nh4 20. Qe2 Bh3 21.
Bxe4 dxe4 22. Rf2 f5 23. Nc5 Rc6 24. Nd7 Bg4 25. Qc2 Nf3+ 26. gxf3 Bxf3+ 27.
Rg2 Bxg2 28. Qxg2 Qxg2+ 29. Kxg2 Rg6+ 30. Kf2 Re8 31. Nc5 f4 32. Re1 e3+ 33.
Kf3 b6 34. Nd3 Rh6 35. Nxf4 Rxh2 36. Bxb6 Rf2+ 37. Kg3 Rxb2 38. Bxe3 Rxa2 39.
Nd5 Ra5 40. Nb4 Ra3 41. Nd5 Ra5 42. c4 Ra2 43. Rb1 Rc2 44. c5 Rxe3+ 1/2-1/2

[Event "Manhem Chessweek Elo (2)"]
[Site "?"]
[Date "2015.08.10"]
[Round "4"]
[White "Kakulidis, Ellen"]
[Black "Wiklund, Robert"]
[Result "1-0"]
[WhiteElo "1770"]
[BlackElo "1846"]
[PlyCount "57"]

1. d4 d5 2. c4 dxc4 3. Nf3 c5 4. e3 Nf6 5. Bxc4 e6 6. O-O Nc6 7. Nc3 Be7 8. a3
O-O 9. dxc5 Bxc5 10. b4 Bd6 11. Nb5 Be7 12. Qb3 a5 13. Rd1 Bd7 14. Bd2 Qb6 15.
Nbd4 axb4 16. axb4 Rxa1 17. Rxa1 Rc8 18. Nxe6 fxe6 19. Bxe6+ Kf8 20. Ng5 Nd8
21. Bxd7 Nxd7 22. Nxh7+ Ke8 23. Qg8+ Bf8 24. Nxf8 Nxf8 25. Qxg7 Rc2 26. Qe5+
Nfe6 27. Qh8+ Kd7 28. Qh7+ Ke8 29. Qxc2 1-0

[Event "Manhem Chessweek Elo (2)"]
[Site "?"]
[Date "2015.08.09"]
[Round "3"]
[White "Lappas, Georg"]
[Black "Kakulidis, Ellen"]
[Result "1/2-1/2"]
[WhiteElo "1767"]
[BlackElo "1770"]
[PlyCount "71"]

1. e4 c5 2. Nf3 e6 3. d3 Nc6 4. Qe2 d6 5. g3 Nf6 6. Bg2 Qc7 7. O-O Be7 8. Na3
a6 9. c3 Rb8 10. Nc2 b5 11. d4 O-O 12. e5 dxe5 13. dxe5 Nd7 14. Re1 Bb7 15. h4
Na5 16. b3 Nb6 17. Ne3 Bxf3 18. Qxf3 Qxe5 19. Nc2 Qc7 20. Bf4 Bd6 21. Bxd6 Qxd6
22. Rad1 Qc7 23. Ne3 Rbc8 24. h5 h6 25. Ng4 Qe7 26. Re3 Nc6 27. Qe2 c4 28. b4
Nd7 29. f4 Nf6 30. Ne5 Nxe5 31. fxe5 Nd7 32. Bb7 Rb8 33. Bc6 Rfd8 34. Rd6 Nxe5
35. Rxd8+ Qxd8 36. Rxe5 1/2-1/2

[Event "Manhem Chessweek Elo (2)"]
[Site "?"]
[Date "2015.08.09"]
[Round "3"]
[White "Hoetmer, Michel"]
[Black "Sundsbo, Sigve"]
[Result "0-1"]
[WhiteElo "1569"]
[BlackElo "1754"]
[PlyCount "81"]

1. d4 Nf6 2. c4 e6 3. g3 d5 4. Nf3 Be7 5. Bg2 O-O 6. O-O Nbd7 7. Qc2 b6 8. Ne5
Bb7 9. Nc3 Rc8 10. Bg5 c6 11. Nxd7 Qxd7 12. cxd5 exd5 13. Bxf6 Bxf6 14. Rfd1
Rfe8 15. e3 Be7 16. Qb3 h6 17. a4 Qc7 18. Rac1 Qd7 19. Bf1 Bd6 20. Bd3 h5 21.
Qc2 Qe7 22. Bh7+ Kh8 23. Bf5 Rc7 24. Qe2 g6 25. Bd3 Kg7 26. Re1 h4 27. Qf3 Rh8
28. e4 dxe4 29. Bxe4 Qg5 30. Nb5 cxb5 31. Rxc7 Bxc7 32. Bxb7 bxa4 33. Bd5 Rf8
34. Kg2 hxg3 35. hxg3 Bd6 36. Rg1 b5 37. Rh1 Qd2 38. Qg4 Qxb2 39. Qh4 Qd2 40.
g4 Qf4 41. Bf3 0-1

[Event "Manhem Chessweek Elo (2)"]
[Site "?"]
[Date "2015.08.09"]
[Round "3"]
[White "Storme, Isak"]
[Black "Wiklund, Robert"]
[Result "1-0"]
[WhiteElo "1847"]
[BlackElo "1846"]
[PlyCount "115"]

1. e4 c5 2. Nf3 Nc6 3. d4 cxd4 4. Nxd4 Nf6 5. Nc3 d6 6. Bg5 e6 7. Qd2 a6 8. f4
Bd7 9. O-O-O b5 10. Bxb5 axb5 11. Ndxb5 h6 12. Bxf6 gxf6 13. Nxd6+ Bxd6 14.
Qxd6 Qe7 15. Qc7 Rd8 16. Rhe1 O-O 17. Nd5 exd5 18. exd5 Qc5 19. dxc6 Qxc6 20.
Qd6 Qxd6 21. Rxd6 Be6 22. Red1 Rxd6 23. Rxd6 Ra8 24. a3 Ra4 25. g3 Kg7 26. Rd3
Kg6 27. b4 Kf5 28. Kb2 Ke4 29. Rd8 h5 30. Rh8 Bg4 31. Kb3 Ra7 32. b5 Rc7 33. c3
Bf5 34. Re8+ Kf3 35. a4 Bg4 36. Kb4 Be6 37. b6 Rc4+ 38. Kb5 Rxc3 39. b7 Rb3+
40. Ka6 Bc4+ 41. Ka7 Ra3 42. b8=Q Rxa4+ 43. Kb6 Rb4+ 44. Kc5 Rxb8 45. Rxb8 Bd3
46. Kd4 Bf5 47. Rb3+ Kg4 48. Kc5 h4 49. Kd6 hxg3 50. hxg3 Be4 51. Ke7 Bf3 52.
Kxf6 Kxg3 53. f5 Kf4 54. Rxf3+ Kxf3 55. Kxf7 Ke4 56. f6 Kf5 57. Ke7 Kg6 58. f7
1-0

[Event "Manhem Chessweek Elo (2)"]
[Site "?"]
[Date "2015.08.09"]
[Round "2"]
[White "Wiklund, Robert"]
[Black "Hoetmer, Michel"]
[Result "1/2-1/2"]
[WhiteElo "1846"]
[BlackElo "1569"]
[PlyCount "117"]

1. e4 c5 2. Nf3 d6 3. d4 cxd4 4. Nxd4 Nf6 5. Nc3 a6 6. Bg5 e6 7. f4 Be7 8. Qf3
Nbd7 9. O-O-O Qc7 10. g4 h6 11. Bh4 g5 12. fxg5 Ne5 13. Qe2 Nfxg4 14. Bh3 hxg5
15. Bxg4 Rxh4 16. h3 Bd7 17. Nf3 Rh7 18. Nxe5 dxe5 19. Rhf1 O-O-O 20. Rf3 Kb8
21. Rdf1 Be8 22. Rd1 Rxd1+ 23. Nxd1 Bb5 24. Qd2 Qd8 25. Qxd8+ Bxd8 26. Kd2 Bc6
27. Re3 Bb6 28. Re2 Rh8 29. Nf2 Rd8+ 30. Nd3 f5 31. Bf3 Rd4 32. c3 Rd8 33. Kc2
Bb5 34. Rd2 Be3 35. Rd1 Bf4 36. Nc5 Rxd1 37. Kxd1 Bf1 38. Nxe6 Bxh3 39. Nxf4
gxf4 40. Kd2 Bg4 41. Bh1 Kc7 42. Kd3 b6 43. a3 Kd6 44. b4 a5 45. c4 axb4 46.
axb4 Bh3 47. Bf3 Bf1+ 48. Kc3 fxe4 49. Bxe4 Be2 50. Bb7 Bg4 51. Kd3 Bd7 52. Be4
Bg4 53. Bb7 Bf5+ 54. Kc3 e4 55. Kd4 e3 56. Bf3 Bb1 57. c5+ bxc5+ 58. bxc5+ Ke6
59. c6 1/2-1/2

[Event "Manhem Chessweek Elo (2)"]
[Site "?"]
[Date "2015.08.09"]
[Round "2"]
[White "Freed, Markus"]
[Black "Lappas, Georg"]
[Result "1/2-1/2"]
[WhiteElo "1749"]
[BlackElo "1767"]
[PlyCount "78"]

1. b3 d6 2. Bb2 Nd7 3. c4 Ngf6 4. g3 g6 5. Bg2 Bg7 6. Nc3 c6 7. e4 e5 8. Nge2
O-O 9. O-O Re8 10. d3 Nf8 11. b4 a5 12. b5 Bg4 13. bxc6 bxc6 14. Qa4 Qd7 15.
Rfb1 Bxe2 16. Nxe2 Ne6 17. Bc3 Nc5 18. Qc2 Qc7 19. Rb2 Reb8 20. Rxb8+ Rxb8 21.
Bd2 a4 22. Nc3 Qa7 23. Be3 a3 24. Rb1 Nfd7 25. Bh3 Rxb1+ 26. Qxb1 Qc7 27. Bxd7
Nxd7 28. Qb3 Bf8 29. Qa4 Qb7 30. Qa7 Qb2 31. Qxd7 Qxc3 32. Qd8 Qxd3 33. Bh6
Qb1+ 34. Kg2 Qxe4+ 35. f3 Qc2+ 36. Kh3 Qf5+ 37. Kg2 Qc2+ 38. Kg1 Qb1+ 39. Kg2
Qc2+ 1/2-1/2

[Event "Manhem Chessweek Elo (2)"]
[Site "?"]
[Date "2015.08.09"]
[Round "2"]
[White "Kakulidis, Ellen"]
[Black "Storme, Isak"]
[Result "1/2-1/2"]
[WhiteElo "1770"]
[BlackElo "1847"]
[PlyCount "78"]

1. d4 Nf6 2. c4 g6 3. Nc3 d5 4. e3 Bg7 5. Nf3 O-O 6. Be2 c5 7. O-O cxd4 8. exd4
dxc4 9. Bxc4 b6 10. Ne5 Bb7 11. Qb3 e6 12. Nxf7 Rxf7 13. Bxe6 Qe7 14. Nb5 Nc6
15. Bxf7+ Qxf7 16. Qxf7+ Kxf7 17. Nd6+ Ke6 18. Nxb7 Rb8 19. Nd6 Kxd6 20. Bf4+
Kd5 21. Bxb8 Nxb8 22. Rfe1 Nc6 23. Rad1 Ne4 24. f3 Bxd4+ 25. Rxd4+ Kxd4 26.
Rxe4+ Kd3 27. Kf2 b5 28. Re6 Nb4 29. a3 Nc2 30. Rd6+ Kc4 31. Ra6 Kb3 32. Rxa7
Kxb2 33. Rb7 Nxa3 34. Ke2 Kc3 35. Rc7+ Nc4 36. Rd7 b4 37. Rd3+ Kc2 38. Rd4 Kc3
39. Rd3+ Kc2 1/2-1/2

[Event "Manhem Chessweek Elo (2)"]
[Site "?"]
[Date "2015.08.08"]
[Round "1"]
[White "Norlander, Svante"]
[Black "Sundsbo, Sigve"]
[Result "0-1"]
[WhiteElo "1675"]
[BlackElo "1754"]
[PlyCount "76"]

1. e4 e6 2. Qe2 c5 3. Nf3 Nc6 4. g3 Be7 5. Bg2 d6 6. d3 Nf6 7. c3 O-O 8. O-O
Rb8 9. a3 a5 10. Nbd2 b5 11. Rd1 Qb6 12. Nf1 b4 13. h3 d5 14. N3d2 Ba6 15. e5
Nd7 16. Nf3 Qc7 17. axb4 cxb4 18. Bf4 bxc3 19. bxc3 Na7 20. Rdc1 Nc5 21. Ne1
Nb3 22. Rab1 Nxc1 23. Rxc1 Rb3 24. Qe3 Nb5 25. Nd2 Rxc3 26. Ra1 Bc5 27. Qf3 Nd4
28. Qg4 Kh8 29. Bf1 Nc2 30. Nxc2 Rxc2 31. Nf3 Rxf2 32. Kh1 Rb2 33. h4 Be7 34.
Bd2 Bb4 35. Qf4 Bxd2 36. Nxd2 Qc3 37. Nf3 Bxd3 38. Ng5 Kg8 0-1

[Event "Manhem Chessweek Elo (2)"]
[Site "?"]
[Date "2015.08.08"]
[Round "1"]
[White "Freed, Markus"]
[Black "Kakulidis, Ellen"]
[Result "1/2-1/2"]
[WhiteElo "1749"]
[BlackElo "1770"]
[PlyCount "79"]

1. b3 e6 2. Bb2 Nf6 3. e3 d5 4. Nf3 c5 5. Bb5+ Bd7 6. Bxd7+ Nbxd7 7. O-O Be7 8.
d4 O-O 9. Nbd2 a5 10. Qe2 cxd4 11. Nxd4 a4 12. c4 Nc5 13. b4 a3 14. Bxa3 Rxa3
15. Nb5 Ra6 16. bxc5 dxc4 17. Nxc4 Bxc5 18. Rfd1 Qe7 19. Qd3 Rfa8 20. a3 h6 21.
h3 Nd5 22. Rac1 Rc6 23. Ne5 Rcc8 24. e4 Nf6 25. Kh1 Bxf2 26. Qf3 Bc5 27. Nc4 b6
28. Ncd6 Bxd6 29. Rxc8+ Rxc8 30. Nxd6 Rd8 31. e5 Nd7 32. Qb7 Qf8 33. Nc4 Nc5
34. Rxd8 Qxd8 35. Qxb6 Qd1+ 36. Kh2 Qd4 37. Qb8+ Kh7 38. Qb1+ Kg8 39. Qb8+ Kh7
40. Qb1+ 1/2-1/2

[Event "Manhem Chessweek Elo (2)"]
[Site "?"]
[Date "2015.08.08"]
[Round "1"]
[White "Hoetmer, Michel"]
[Black "Storme, Isak"]
[Result "1-0"]
[WhiteElo "1569"]
[BlackElo "1847"]
[PlyCount "61"]

1. d4 Nf6 2. c4 g6 3. g3 c5 4. d5 b5 5. cxb5 a6 6. b6 Qxb6 7. Nc3 Bg7 8. Bg2 d6
9. Nf3 O-O 10. O-O Bg4 11. Nd2 a5 12. h3 Bc8 13. Qc2 Ba6 14. b3 Nbd7 15. Rb1
Rfc8 16. Nc4 Qc7 17. Bd2 Rcb8 18. Rfe1 Bc8 19. Na4 Ne8 20. Bc3 Bb7 21. Qd2 Bxc3
22. Nxc3 e6 23. Nb5 Qd8 24. Nbxd6 Nxd6 25. Nxd6 Bxd5 26. Bxd5 exd5 27. Qxd5 Qe7
28. Rbd1 Rd8 29. Qe4 Qxe4 30. Nxe4 a4 31. Rxd7 1-0

[Event "Manhem Chessweek Elo (2)"]
[Site "?"]
[Date "2015.08.08"]
[Round "1"]
[White "Lappas, Georg"]
[Black "Svensson, Anders 1980"]
[Result "1-0"]
[WhiteElo "1767"]
[BlackElo "1762"]
[PlyCount "53"]

1. Nf3 c5 2. e4 Nc6 3. g3 g6 4. Bg2 Bg7 5. O-O Nf6 6. d3 d5 7. Nbd2 O-O 8. c3
dxe4 9. dxe4 Nd7 10. Re1 Nde5 11. Qc2 Nd3 12. Rd1 Nxc1 13. Nf1 Qc7 14. Raxc1 b6
15. Ne3 e6 16. b4 Qe7 17. b5 Ne5 18. Nxe5 Bxe5 19. f4 Bg7 20. e5 Bb7 21. Rd6
Bxg2 22. Qxg2 f6 23. Rcd1 fxe5 24. Rd7 Qf6 25. Ng4 Qf5 26. Qb7 Bf6 27. Nh6+ 1-0